Statystyki dla Sabaton - Wszystkie piosenki

Kliknij tutaj aby rozwiązać quiz!

Ogólne statystyki

  • Ten quiz został rozwiązany 50 razy
  • Średni wynik to 24 z 111

Statystyki odpowiedzi

Tytuł piosenki% Poprawnych
40:1
80%
Primo Victoria
77%
Bismarck
73%
Uprising
68%
Winged Hussars
66%
The Last Stand
61%
Ghost Division
59%
To Hell And Back
57%
The Art Of War
55%
Shiroyama
48%
Panzerkampf
45%
Sparta
45%
Attero Dominatus
43%
Inmate 4859
43%
White Death
43%
Swedish Pagans
41%
The Last Battle
41%
No Bullets Fly
39%
Poltava
39%
The Lion From the North
39%
The Red Baron
39%
Cliffs Of Gallipoli
36%
Coat Of Arms
36%
The Final Solution
36%
Metalizer
34%
The Lost Batalion
34%
Gott mit uns
32%
Resist And Bite
32%
7734
30%
Aces In Exile
30%
Defence of Moscow
30%
Metal Machine
30%
Midway
30%
Rorke's Drift
30%
Soldier Of 3 Armies
30%
Wolfpack
30%
Hearts Of Iron
27%
Rise Of Evil
27%
The Ballad Of Bull
27%
1648
25%
Panzer Battalion
25%
The Price Of A Mile
25%
Back In Control
23%
Far From The Fame
23%
Metal Crue
23%
Camouflage
20%
Counterstrike
20%
Hill 3234
20%
Into The Fire
20%
Long Live the King
20%
Man Of War
20%
Nuclear Attack
20%
Screaming Eagles
20%
Smoking Snakes
20%
Steel Commanders
20%
Blood of Bannockburn
18%
Christmas Truce
18%
Purple Heart
18%
Ruina Imperii
18%
Stalingrad
18%
The Lifetime of War
18%
We Burn
18%
Wehrmacht
18%
Angels Calling
16%
Talvisota
16%
Light In The Black
14%
Metal Ripper
14%
Thundergods
14%
Twilight Of The Thundergod
14%
In The Name Of God
11%
Killing Ground
11%
Saboteurs
11%
The Hammer Has Fallen
11%
Unbreakable
11%
Firestorm
9%
Livgardet
9%
Shadows
9%
The Carolean's Prayer
9%
The Royal Guard
9%
Union
9%
Feuer Frei
7%
Kingdom Come
7%
Shotgun
7%
Sun Tzu Says
7%
All Guns Blazing
5%
A Secret
5%
Birds Of War
5%
Dream Destroyer
5%
Jawbreaker
5%
Masters Of The World
5%
The March To War
5%
Burn Your Crosses
2%
Endless Nights
2%
Glorious Land
2%
Gute Nacht
2%
Guten Nacht
2%
Hail To The King
2%
Hellrider
2%
Nightchild
2%
Nights Witches
2%
Speeder
2%
The Beast
2%
Thunderstorm
2%
Attack of the Dead Men The
0%
Carolux Rex
0%
Dead Soldier's Waltz
0%
Diary of an Unknown
0%
Dominium Maris Baltici
0%
Introduction
0%
Metal Trilogy
0%
Nature Of Warfare The
0%

Rozkład punktacji

Percentyl według liczby udzielonych odpowiedzi

Procent ludzi z każdym wynikiem

Twoja historia wyników

Nie rozwiązałeś tego quizu